000 00869nab a2200253 u 4500
001 20563
003 HDC
007 cr bn ---aaaaa
008 210305c |r|noo 0 a d
040 _aHDC
100 _aCheng, Sokhorng,
_eauthor
_918552
245 0 _aMALAYSIAN TRADE AGREEMENT INKED AT PHNOM PENH BUSINESS FORUM /
_cby Cheng Sokhorng
260 _a[No place] :
_b[publisher not identified],
_c2016
336 _atext
_2rdacontent
337 _acomputer
_2rdamedia
338 _aonline resource
_2rdacarrier
650 _aInternational relation
_99192
650 _aTrade
_94755
710 _aTHE PHNOM PENH POST
856 _zRequest full-text at [email protected]
942 _2lcc
942 _cNEWS
942 _kNWSO 009993
999 _c17879
_d17879